| 000 | 00676cam a22002411 4500 | ||
|---|---|---|---|
| 001 | 8364 | ||
| 003 | BD-RjUL | ||
| 005 | 20211208234557.0 | ||
| 008 | 161003s1962 nyua b 000 0 eng d | ||
| 035 | _a(BD-RjUL)8409 | ||
| 040 |
_aDLC _cODaWU _dOCoLC _dDLC _dBD-RjUL _beng |
||
| 041 | _aeng | ||
| 082 |
_a519.7 _bVAR 1962 _223 |
||
| 100 | 1 |
_aVajda, S. _923645 |
|
| 245 | 1 | 0 |
_aReadings in mathematical programming / _cS. Vajda |
| 250 | _a[2d ed.] | ||
| 260 |
_aLondon : _bsons,LTD. _c1962 |
||
| 300 |
_avii, 130 p. : _bill. ; _c22 cm. |
||
| 504 | _aIncludes bibliography. | ||
| 650 | 0 |
_aprogramming (mathematics) _96536 |
|
| 650 | 0 |
_aLinear programming _9158719 |
|
| 942 |
_2ddc _cBK |
||
| 999 |
_c8364 _d8364 |
||